00000000nam##2200000za#4500
0019.680625
003CaOODSP
00520240212134143
007ta
008150407|1998||||xxc|||||     f|0| 0 fre|d
020 |a0-662-83374-0
040 |aCaOODSP|bfre
043 |an-cn---
0861 |aNE23-77/1998F
1101 |aCanada. |bOffice national de l'énergie.
24510|aÉtude d'évaluation des ressources en gaz naturel non associé en Saskatchewan
260 |aCalgary - Alberta : |bOffice national de l'énergie |c1998.
300 |aiii, 15p. : |bfigures, références, tableaux ; |c28 cm.
563 |aCouverture souple
590 |a99-04|b1999-01-29
69107|aGaz naturel|2gcpds
69107|aÉvaluation|2gcpds
77508|tNon-associated natural gas resource assessment study, Saskatchewan |w(CaOODSP)9.647200
7760#|tÉtude d'évaluation des ressources en gaz naturel non associé en Saskatchewan |w(CaOODSP)9.640096